Catálogo
 En Linea

Mirar y Ver. : (Registro nro. 40445)

Detalles MARC
000 -CABECERA
campo de control de longitud fija 00526nam a2200157 a 4500
001 - NÚMERO DE CONTROL
campo de control 000040955
005 - FECHA Y HORA DE LA ÚLTIMA TRANSACCIÓN
campo de control 20201002034514.0
008 - DATOS DE LONGITUD FIJA--INFORMACIÓN GENERAL
campo de control de longitud fija 130911s2001 pr ac 000 0 spa d
020 ## - NÚMERO INTERNACIONAL ESTÁNDAR DEL LIBRO
Número Internacional Estándar del Libro 0865815615
040 ## - FUENTE DE LA CATALOGACIÓN
Centro catalogador/agencia de origen DO-SdBNP
Lengua de catalogación spa
Centro/agencia transcriptor BNPHU
082 ## - NÚMERO DE LA CLASIFICACIÓN DECIMAL DEWEY
Número de clasificación xxxx
Número de documento/Ítem xxxx
100 1# - ENTRADA PRINCIPAL--NOMBRE DE PERSONA
Nombre de persona Torres Martino, José A.
9 (RLIN) 67387
245 10 - MENCIÓN DE TÍTULO
Título Mirar y Ver. :
Resto del título textos sobre arte y artistias en Puerto Rico /
Mención de responsabilidad, etc. José A. Torres Martino.
260 ## - PUBLICACIÓN, DISTRIBUCIÓN, ETC.
Lugar de publicación, distribución, etc. Puerto Rico, :
Nombre del editor, distribuidor, etc. Instituto de cultura Puertorriqueña,
Fecha de publicación, distribución, etc. 2001.
300 ## - DESCRIPCIÓN FÍSICA
Extensión 315 p. :
Otras características físicas il, retr. ;
Dimensiones 21 cm.
Existencias
Estado de retiro Estado de pérdida Restricciones de uso No para préstamo Código de colección Localización permanente Ubicación/localización actual Ubicación en estantería Fecha de adquisición Número de inventario Total de préstamos Signatura topográfica completa Código de barras Fecha visto por última vez Precio válido a partir de Tipo de ítem Koha
      Excluido de préstamo Monografías: Libros y Folletos General General En catalogación 11.09.2013 LF1   xxxx xxxx 40955-10 25.06.2020 25.06.2020 No se presta

Con tecnología Koha